Porovnanie úverov na bývanie na Slovensku a v Nemecku bakalárska práca

Saved in:
Bibliographic Details
Main Author: Hanudeľ, Erik
Corporate Author: Národohospodárska fakulta EU. Katedra bankovníctva a medzinárodných financií
Other Authors: Pilch, Ctibor, 1957-
Format: Book
Language:Slovak
Published: Bratislava 2018
Tags: Add Tag
No Tags, Be the first to tag this record!

MARC

LEADER 00000nbm a2200000 4500
001 0245988
005 20181213111846.0
041 0 |a slo 
044 |a SK 
245 1 0 |a Porovnanie úverov na bývanie na Slovensku a v Nemecku  |b bakalárska práca  |c Erik Hanudeľ ; školiteľ: Ctibor Pilch 
264 1 |a Bratislava  |c 2018 
300 |a 33 s. 
100 1 |a Hanudeľ, Erik 
700 1 |a Pilch, Ctibor, 1957- 
710 2 |a Národohospodárska fakulta EU. Katedra bankovníctva a medzinárodných financií